[Event "2BLW 1920 Bochumer SV 02 - SC Siegburg"]
[Site "?"]
[Date "2019.09.29"]
[Round "1.7"]
[White "Dzierzenga, Stefan"]
[Black "Pewny, Uwe"]
[Result "1/2-1/2"]
[WhiteElo "2188"]
[BlackElo "2212"]
[PlyCount "97"]
[EventDate "2019.??.??"]

1. e4 d6 2. d4 Nf6 3. Nc3 e5 4. Nf3 Nbd7 5. Bc4 Be7 6. O-O O-O 7. a4 c6 8. Ba2
a5 9. Qe2 exd4 10. Nxd4 Nc5 11. Nb3 Nfd7 12. Bf4 Nxb3 13. Bxb3 Nc5 14. Ba2 Qb6
15. Rfb1 Be6 16. Be3 Qb4 17. Bd2 Bf6 18. f3 Bd4+ 19. Kh1 Qb6 20. Nd1 Qd8 21.
Bc3 Be5 22. Bxe5 dxe5 23. Ne3 Bxa2 24. Rxa2 Qg5 25. Rd1 Rfd8 26. Rxd8+ Rxd8 27.
Ra1 h5 28. b3 Rd4 29. h3 Ne6 30. Rd1 Rxd1+ 31. Nxd1 Qc1 32. c3 Nf4 33. Qf1 h4
34. Kh2 Qb1 35. Qe1 Qxb3 36. Ne3 g5 37. Qd2 Qb6 38. Ng4 Qc7 39. Nf6+ Kh8 40.
Ne8 Qe7 41. Nd6 f6 42. Nf5 Qc7 43. Qf2 b6 44. Qf1 Ne6 45. Qa6 Qb8 46. Qc4 Qc8
47. Qb3 Ng7 48. Nxg7 Kxg7 49. Qxb6 1/2-1/2

[Event "2BLW 1920 Bochumer SV 02 - SC Siegburg"]
[Site "?"]
[Date "2019.09.29"]
[Round "1.8"]
[White "Kraemer, Matthias"]
[Black "Albrecht, Oliver"]
[Result "0-1"]
[WhiteElo "2232"]
[BlackElo "2125"]
[PlyCount "102"]
[EventDate "2019.??.??"]

1. e4 c5 2. Nc3 Nc6 3. Bb5 Nd4 4. Bc4 e6 5. Nge2 Nf6 6. O-O Nxe2+ 7. Qxe2 d6 8.
f4 Be7 9. Bb5+ Nd7 10. a4 O-O 11. d3 Qc7 12. Be3 Bf6 13. Qf2 b6 14. d4 Bb7 15.
Rad1 cxd4 16. Bxd4 e5 17. fxe5 Nxe5 18. Qg3 Qe7 19. Ba6 Bh4 20. Bxb7 Bxg3 21.
Bxa8 Bxh2+ 22. Kxh2 Qh4+ 23. Kg1 Ng4 24. Rf5 Qh2+ 25. Kf1 Qh1+ 26. Ke2 Qxg2+
27. Kd3 Rxa8 28. Rd2 Qh3+ 29. Kc4 Re8 30. a5 Ne5+ 31. Bxe5 dxe5 32. Rd7 f6 33.
Rxa7 bxa5 34. Rxa5 Qe3 35. Rd5 Rc8+ 36. Kb3 Qb6+ 37. Ka2 Ra8+ 38. Kb1 Rb8 39.
b3 Qb4 40. Rd3 Qa3 41. Rff3 Ra8 42. Na4 Qb4 43. Nc3 h5 44. Kc1 Ra1+ 45. Kd2 h4
46. Rh3 g5 47. Rd7 Rg1 48. Ke2 Rg2+ 49. Kd3 Rg3+ 50. Rxg3 hxg3 51. Rd8+ Kg7 0-1

[Event "2BLW 1920 SG Porz - Düsseldorfer SK"]
[Site "?"]
[Date "2019.09.29"]
[Round "1.1"]
[White "Berelowitsch, Alexander"]
[Black "Lutz, Christopher"]
[Result "1/2-1/2"]
[WhiteElo "2523"]
[BlackElo "2534"]
[PlyCount "81"]
[EventDate "2019.??.??"]

1. e4 c5 2. Nf3 d6 3. d4 cxd4 4. Nxd4 Nf6 5. Nc3 a6 6. g3 e6 7. Bg2 Be7 8. O-O
Bd7 9. Re1 Nc6 10. a4 O-O 11. Nxc6 Bxc6 12. a5 Rc8 13. Be3 Nd7 14. Na4 Qc7 15.
Nb6 Nxb6 16. Bxb6 Qd7 17. c4 f5 18. Ra3 fxe4 19. Bxe4 Bd8 20. Bxd8 Rcxd8 21.
Rd3 Rf6 22. Qd2 Qe7 23. b3 Rdf8 24. f4 Bxe4 25. Rxe4 e5 26. fxe5 dxe5 27. Rde3
Rd6 28. Rd3 Rxd3 29. Qxd3 Qa3 30. Kg2 Qa1 31. c5 h6 32. b4 Qa2+ 33. Qe2 Qd5 34.
h4 Kh8 35. Kh3 Rf2 36. Qg4 Qd2 37. Qg6 Qd7+ 38. Qg4 Qd2 39. Qg6 Qd7+ 40. Qg4
Qd2 41. Qg6 1/2-1/2

[Event "2BLW 1920 SG Porz - Düsseldorfer SK"]
[Site "?"]
[Date "2019.09.29"]
[Round "1.2"]
[White "Rotstein, Arkadij"]
[Black "Orlov, Andrey"]
[Result "1/2-1/2"]
[WhiteElo "2469"]
[BlackElo "2506"]
[PlyCount "28"]
[EventDate "2019.??.??"]

1. d4 d5 2. Nf3 Nf6 3. c4 e6 4. Nc3 Be7 5. Bg5 O-O 6. e3 Nbd7 7. Rc1 c6 8. Bd3
dxc4 9. Bxc4 Nd5 10. Bxe7 Qxe7 11. O-O Nxc3 12. Rxc3 e5 13. dxe5 Nxe5 14. Nxe5
Qxe5 1/2-1/2

[Event "2BLW 1920 SG Porz - Düsseldorfer SK"]
[Site "?"]
[Date "2019.09.29"]
[Round "1.3"]
[White "Andersson, Ulf"]
[Black "Xu, Xianliang"]
[Result "1/2-1/2"]
[WhiteElo "2518"]
[BlackElo "2429"]
[PlyCount "86"]
[EventDate "2019.??.??"]

1. Nf3 c5 2. c4 Nc6 3. d4 cxd4 4. Nxd4 g6 5. e4 Nf6 6. Nc3 Nxd4 7. Qxd4 d6 8.
Be2 Bg7 9. Be3 O-O 10. Qd2 Be6 11. Rc1 Qa5 12. f3 Rfc8 13. b3 a6 14. Nd5 Qxd2+
15. Kxd2 Nxd5 16. cxd5 Bd7 17. Rxc8+ Rxc8 18. Rc1 Rxc1 19. Kxc1 Kf8 20. Kd2 e6
21. dxe6 fxe6 22. f4 Bc6 23. Bd3 e5 24. g3 Ke7 25. Ke2 Ke6 26. Bd2 d5 27. exd5+
Bxd5 28. Bc3 Bf6 29. Bxe5 Bxe5 30. fxe5 Kxe5 31. Ke3 a5 32. h4 Be6 33. h5 Bf5
34. hxg6 Bxg6 35. Bc4 Bb1 36. a3 Bc2 37. Bd3 Bxb3 38. Bxh7 b5 39. Kd3 b4 40.
axb4 axb4 41. Bg6 Be6 42. Kc2 Bf5+ 43. Bxf5 Kxf5 1/2-1/2

[Event "2BLW 1920 SG Porz - Düsseldorfer SK"]
[Site "?"]
[Date "2019.09.29"]
[Round "1.4"]
[White "Braun, Christian"]
[Black "Miedema, David"]
[Result "1-0"]
[WhiteElo "2391"]
[BlackElo "2357"]
[PlyCount "81"]
[EventDate "2019.??.??"]

1. e4 e6 2. d3 d5 3. Nd2 Nf6 4. Ngf3 c5 5. g3 Nc6 6. Bg2 Be7 7. O-O O-O 8. Re1
b5 9. e5 Nd7 10. Nf1 Qc7 11. Bf4 a5 12. h4 Ba6 13. h5 Rfc8 14. h6 g6 15. Ne3
Qd8 16. Ng4 b4 17. Qd2 Nd4 18. Ngh2 Nxf3+ 19. Nxf3 c4 20. dxc4 Rxc4 21. Bf1 Rc7
22. Bd3 a4 23. Bg5 Bxd3 24. Bxe7 Qxe7 25. cxd3 Rac8 26. Rac1 Nc5 27. Qxb4 Qf8
28. d4 Nd3 29. Qxf8+ Kxf8 30. Rxc7 Rxc7 31. Rb1 Rc2 32. b4 Ke7 33. b5 Kd7 34.
Ng5 Nxf2 35. b6 Kc8 36. b7+ Kb8 37. Nxh7 Nh3+ 38. Kf1 a3 39. Rb3 Rf2+ 40. Ke1
Rb2 41. Rxa3 1-0

[Event "2BLW 1920 SG Porz - Düsseldorfer SK"]
[Site "?"]
[Date "2019.09.29"]
[Round "1.5"]
[White "Kohlweyer, Bernd"]
[Black "Korotkjevich, Stanislav"]
[Result "0-1"]
[WhiteElo "2319"]
[BlackElo "2378"]
[PlyCount "76"]
[EventDate "2019.??.??"]

1. d4 d6 2. Nf3 Bg4 3. c4 Bxf3 4. exf3 g6 5. Nc3 Bg7 6. Be2 e6 7. O-O Ne7 8. d5
e5 9. f4 Nd7 10. fxe5 Nxe5 11. f4 Nd7 12. Bg4 O-O 13. f5 gxf5 14. Bxf5 Ng6 15.
Ne4 Qe7 16. Kh1 Nc5 17. Ng3 Qh4 18. Bh3 Ne4 19. Nxe4 Qxe4 20. Qb3 b6 21. Bd2
Rae8 22. Bc3 Bxc3 23. Qxc3 Qe3 24. Qf6 Re4 25. b3 Qh6 26. Rf2 Qg7 27. Qxg7+
Kxg7 28. Raf1 Ne5 29. Bf5 Re3 30. Rc2 a5 31. Kg1 Re8 32. Kf2 Ng6 33. Bxg6 hxg6
34. Rd1 a4 35. b4 Kf6 36. Rdd2 Kf5 37. c5 R8e4 38. cxd6 Rf4+ 0-1

[Event "2BLW 1920 SG Porz - Düsseldorfer SK"]
[Site "?"]
[Date "2019.09.29"]
[Round "1.6"]
[White "Malykin, Vitaly"]
[Black "De Gleria, Francesco"]
[Result "0-1"]
[WhiteElo "2356"]
[BlackElo "2377"]
[PlyCount "62"]
[EventDate "2019.??.??"]

1. Nf3 Nf6 2. c4 e6 3. Nc3 d5 4. d4 Bb4 5. g3 O-O 6. Bg2 dxc4 7. a3 Be7 8. Ne5
Nc6 9. Nxc6 bxc6 10. O-O Nd5 11. Qa4 Nb6 12. Qxc6 Rb8 13. Bf4 Bd6 14. Be5 f6
15. Bxd6 cxd6 16. Ne4 Bb7 17. Qxd6 Qxd6 18. Nxd6 Bxg2 19. Kxg2 Rbd8 20. Ne4
Rxd4 21. Nc3 Rd2 22. Rfd1 Rxb2 23. Rac1 Rc8 24. Kf1 Rb3 25. a4 a5 26. Rd6 Kf7
27. Nb5 Nxa4 28. Nd4 Rb6 29. Rd7+ Kg6 30. Ra1 Nc5 31. Re7 Nb3 0-1

[Event "2BLW 1920 SG Porz - Düsseldorfer SK"]
[Site "?"]
[Date "2019.09.29"]
[Round "1.7"]
[White "Coenen, Michael"]
[Black "Pauly, Carlo"]
[Result "1-0"]
[WhiteElo "2366"]
[BlackElo "2244"]
[PlyCount "119"]
[EventDate "2019.??.??"]

1. d4 Nf6 2. Nf3 g6 3. g3 Bg7 4. Bg2 O-O 5. O-O d6 6. Re1 c5 7. c3 Nc6 8. d5
Na5 9. e4 e6 10. dxe6 Bxe6 11. Bf4 Qb6 12. Qc2 h6 13. Nbd2 d5 14. exd5 Nxd5 15.
Be5 f6 16. Bf4 Nxf4 17. gxf4 Bf5 18. Qa4 Bd3 19. b4 Nc6 20. Re3 c4 21. b5 Qa5
22. Qxa5 Nxa5 23. Nd4 f5 24. N2f3 Rfe8 25. Ne5 g5 26. Nxd3 Rxe3 27. fxe3 cxd3
28. Rd1 gxf4 29. Rxd3 fxe3 30. Nxf5 e2 31. Kf2 Rf8 32. Be4 Re8 33. Ng3 Be5 34.
Kxe2 b6 35. Kd1 Bxg3 36. Bd5+ Kg7 37. Rxg3+ Kf6 38. Rf3+ Kg5 39. c4 Rc8 40. Rc3
Kf4 41. Kd2 Ke5 42. Re3+ Kd4 43. Re4+ Kc5 44. Kc3 Rf8 45. Rh4 Rf2 46. Rh5 Rf6
47. h3 Rf2 48. Bg8+ Kd6 49. Rxh6+ Ke5 50. Rh5+ Kf4 51. Rh7 Rxa2 52. c5 Rg2 53.
Rxa7 bxc5 54. Rxa5 Rxg8 55. Kc4 Ke5 56. Kxc5 Rc8+ 57. Kb6 Rc3 58. Ka7 Rxh3 59.
b6+ Kd6 60. b7 1-0

[Event "2BLW 1920 SG Porz - Düsseldorfer SK"]
[Site "?"]
[Date "2019.09.29"]
[Round "1.8"]
[White "Suvorov, Luca"]
[Black "Agrest, Inna"]
[Result "1-0"]
[WhiteElo "2287"]
[BlackElo "2320"]
[PlyCount "87"]
[EventDate "2019.??.??"]

1. d4 Nf6 2. c4 g6 3. f3 Bg7 4. e4 d6 5. Nc3 O-O 6. Be3 a6 7. Qd2 Nbd7 8. Nge2
c5 9. d5 Ne5 10. Nc1 e6 11. a4 b6 12. Be2 exd5 13. cxd5 Ne8 14. O-O f5 15. f4
Nf7 16. Bf3 Nf6 17. exf5 gxf5 18. Kh1 Nh6 19. Bg1 Ra7 20. Nd3 Re7 21. Rae1 Rfe8
22. Rxe7 Rxe7 23. Re1 Nhg4 24. h3 Nh6 25. b4 Bd7 26. a5 cxb4 27. Nxb4 Rxe1 28.
Qxe1 bxa5 29. Nc6 Qe8 30. Qxe8+ Bxe8 31. Bb6 Nd7 32. Bxa5 Nc5 33. Nd1 Kf8 34.
Ne3 Bd7 35. Bc7 Nf7 36. Nc4 Nb7 37. Bh5 Be8 38. Be2 Bc3 39. Bd3 Bd7 40. Nb6
Bxc6 41. dxc6 Nc5 42. Bb8 d5 43. Bxf5 d4 44. Nc4 1-0

[Event "2BLW 1920 SC Hansa Dortmund - Düsseldo"]
[Site "?"]
[Date "2019.10.20"]
[Round "2.1"]
[White "Orlov, Andrey"]
[Black "Klyuner, Vyacheslav"]
[Result "1/2-1/2"]
[WhiteElo "2507"]
[BlackElo "2437"]
[PlyCount "40"]
[EventDate "2019.??.??"]

1. e4 d6 2. d4 Nf6 3. Nc3 e5 4. Nf3 Nbd7 5. Bc4 Be7 6. O-O O-O 7. Re1 c6 8. a4
b6 9. b3 Bb7 10. Bb2 b5 11. Bd3 Re8 12. Ne2 Bf8 13. Ng3 g6 14. c4 b4 15. Qd2 c5
16. dxe5 Nxe5 17. Nxe5 dxe5 18. Rad1 Qe7 19. Bc2 Rad8 20. Qe2 Nd7 1/2-1/2

[Event "2BLW 1920 SC Hansa Dortmund - Düsseldo"]
[Site "?"]
[Date "2019.10.20"]
[Round "2.3"]
[White "Stark, Lars"]
[Black "Ackermann, Hans Werner"]
[Result "0-1"]
[WhiteElo "2376"]
[BlackElo "2297"]
[PlyCount "69"]
[EventDate "2019.??.??"]

1. c4 d6 2. g3 e5 3. Bg2 Nc6 4. Nc3 f5 5. e3 Nf6 6. d4 e4 7. f3 exf3 8. Bxf3 g6
9. Nge2 Bg7 10. O-O O-O 11. Nf4 Kh8 12. Rb1 a5 13. a3 Ne7 14. b4 axb4 15. axb4
g5 16. Nfe2 d5 17. cxd5 Nexd5 18. Qd3 c6 19. Bd2 Be6 20. b5 Qd7 21. bxc6 bxc6
22. Rb2 Nxc3 23. Nxc3 Bd5 24. Nxd5 Nxd5 25. Rc2 Rae8 26. Bxd5 cxd5 27. Rc5 Qe6
28. Ra5 h6 29. Ra6 Qd7 30. Ra5 f4 31. exf4 Re4 32. fxg5 Rxf1+ 33. Qxf1 hxg5 34.
Ra8+ Kh7 35. Qf3 0-1

[Event "2BLW 1920 SC Hansa Dortmund - Düsseldo"]
[Site "?"]
[Date "2019.10.20"]
[Round "2.4"]
[White "Kotter, Ralf"]
[Black "Kohlweyer, Bernd"]
[Result "0-1"]
[WhiteElo "2360"]
[BlackElo "2323"]
[PlyCount "90"]
[EventDate "2019.??.??"]

1. e4 c6 2. d4 d5 3. e5 c5 4. dxc5 e6 5. Be3 Nh6 6. Bd3 Nd7 7. Nf3 Nxc5 8. O-O
Nxd3 9. Qxd3 Nf5 10. Bf4 Bd7 11. Re1 Bc5 12. c3 Qb6 13. Qd2 a5 14. Na3 Ba4 15.
b3 Bxa3 16. bxa4 Qc6 17. Rab1 Qxa4 18. Rxb7 Bc5 19. g4 Ne7 20. Nd4 Ng6 21. Bg3
O-O 22. h4 Rfb8 23. Reb1 Rxb7 24. Rxb7 Bxd4 25. cxd4 Qc6 26. Rb1 h5 27. Qg5 Qc2
28. Rc1 Qe4 29. gxh5 Nf8 30. h6 Qg6 31. hxg7 Kxg7 32. Qf4 Rb8 33. Kh2 Rb2 34.
a4 Rb4 35. Rc8 Qf5 36. Qd2 Ng6 37. Ra8 Rxa4 38. Rxa5 Rxa5 39. Qxa5 Nf4 40. Kg1
Qb1+ 41. Kh2 Qc1 42. Bxf4 Qxf4+ 43. Kg1 Qxd4 44. Qe1 Qxh4 45. Qd2 Qe4 0-1

[Event "2BLW 1920 SC Hansa Dortmund - Düsseldo"]
[Site "?"]
[Date "2019.10.20"]
[Round "2.5"]
[White "Schuh, Dirk"]
[Black "Christensen, Niels"]
[Result "1-0"]
[WhiteElo "2348"]
[BlackElo "2286"]
[PlyCount "75"]
[EventDate "2019.??.??"]

1. e4 c5 2. c3 Nf6 3. e5 Nd5 4. d4 cxd4 5. Nf3 d6 6. cxd4 Nc6 7. Bc4 Nb6 8. Bb5
dxe5 9. Nxe5 Bd7 10. Nxd7 Qxd7 11. O-O Rd8 12. Nc3 e6 13. a4 a6 14. Bxc6 Qxc6
15. Bg5 Be7 16. Bxe7 Kxe7 17. Rc1 Qd7 18. Qb3 Nd5 19. Qa3+ Ke8 20. Nxd5 Qxd5
21. Rc7 Qd6 22. Qxd6 Rxd6 23. Rfc1 g5 24. Rxb7 Kf8 25. Rcc7 Kg7 26. Rxf7+ Kg6
27. Rg7+ Kh6 28. Rgd7 Rd8 29. Rxh7+ Kg6 30. h4 Rxd4 31. Rbg7+ Kf6 32. Rf7+ Ke5
33. hxg5 Rxa4 34. g6 Rg4 35. g7 Rg8 36. f3 Rg6 37. g4 Kd4 38. Kf2 1-0

[Event "2BLW 1920 SC Hansa Dortmund - Düsseldo"]
[Site "?"]
[Date "2019.10.20"]
[Round "2.6"]
[White "Sundorf, Jannik"]
[Black "De Gleria, Francesco"]
[Result "1/2-1/2"]
[WhiteElo "2214"]
[BlackElo "2377"]
[PlyCount "78"]
[EventDate "2019.??.??"]

1. d4 Nf6 2. c4 e6 3. g3 Bb4+ 4. Bd2 Be7 5. Bg2 d5 6. Qc2 O-O 7. Nf3 Nbd7 8.
O-O c6 9. b3 Ne4 10. Rd1 Nxd2 11. Nbxd2 b6 12. e4 Bb7 13. exd5 cxd5 14. Ne5
Nxe5 15. dxe5 Qc7 16. Qb2 Rad8 17. cxd5 Bxd5 18. Nf1 Bxg2 19. Kxg2 Qc6+ 20. f3
Bb4 21. Rac1 Qb5 22. a4 Qa5 23. Qe2 Ba3 24. Ra1 Rxd1 25. Rxd1 Rc8 26. f4 Qc3
27. Rd3 Qc1 28. Ne3 Rc3 29. Nc4 Bc5 30. Rxc3 Qxc3 31. Qd1 Bd4 32. Qf3 Qc2+ 33.
Kh3 h5 34. Nd6 Bg1 35. Qg2 Qd1 36. Qa8+ Kh7 37. Qe4+ Kg8 38. Qa8+ Kh7 39. Qe4+
Kg8 1/2-1/2

[Event "2BLW 1920 SC Hansa Dortmund - Düsseldo"]
[Site "?"]
[Date "2019.10.20"]
[Round "2.7"]
[White "Coenen, Michael"]
[Black "Linker, Walter"]
[Result "1-0"]
[WhiteElo "2365"]
[BlackElo "2073"]
[PlyCount "61"]
[EventDate "2019.??.??"]

1. d4 Nf6 2. Nf3 e6 3. g3 b6 4. Bg2 Bb7 5. c4 Be7 6. O-O O-O 7. Bg5 Ne4 8. Bxe7
Qxe7 9. Nfd2 d5 10. Nxe4 dxe4 11. Nc3 f5 12. Qb3 Nc6 13. d5 Na5 14. Qa4 e5 15.
Rac1 Bc8 16. c5 Nb7 17. b4 Re8 18. d6 cxd6 19. Nd5 Qf7 20. Nc7 Be6 21. Nxa8
Rxa8 22. c6 Nd8 23. c7 Nb7 24. Qc6 Bc8 25. f3 e3 26. Rfd1 h6 27. f4 e4 28. g4
Qxa2 29. gxf5 Qxe2 30. Qe8+ Kh7 31. Qxe4 1-0

[Event "2BLW 1920 SC Hansa Dortmund - Düsseldo"]
[Site "?"]
[Date "2019.10.20"]
[Round "2.8"]
[White "Prueske, Wolfgang"]
[Black "Harff, Marcel"]
[Result "0-1"]
[WhiteElo "2002"]
[BlackElo "2358"]
[PlyCount "72"]
[EventDate "2019.??.??"]

1. e4 e6 2. d4 d5 3. Bd3 c5 4. exd5 Qxd5 5. Nc3 Qxd4 6. Nb5 Qd8 7. Bf4 Na6 8.
Nf3 Nf6 9. Qe2 Nd5 10. Bg3 Be7 11. O-O O-O 12. a3 Qb6 13. c4 Ndc7 14. Ne5 f5
15. Rad1 Ne8 16. f4 Nb8 17. Bf2 a6 18. Nc3 Qc7 19. Bc2 b6 20. Rd3 Nf6 21. Rfd1
Rd8 22. Rxd8+ Bxd8 23. Bh4 Be7 24. Qd3 Nc6 25. Nxc6 Qxc6 26. Ba4 Qb7 27. Qe2
Qc7 28. Bxf6 gxf6 29. Qh5 Bf8 30. Rd3 Qf7 31. Qd1 Rb8 32. Rd8 Qc7 33. Rd3 Qxf4
34. Rg3+ Kh8 35. Qd8 Qd4+ 36. Kh1 Qxd8 0-1

[Event "2BLW 1920 SC Siegburg - SG Porz"]
[Site "?"]
[Date "2019.10.20"]
[Round "2.1"]
[White "Lutz, Christopher"]
[Black "Andreev, Eduard"]
[Result "1-0"]
[WhiteElo "2534"]
[BlackElo "2435"]
[PlyCount "65"]
[EventDate "2019.??.??"]

1. e4 c5 2. Nf3 d6 3. d4 cxd4 4. Nxd4 Nf6 5. Nc3 a6 6. Be3 e5 7. Nb3 Be6 8. f3
h5 9. Qd2 Nbd7 10. O-O-O Be7 11. Kb1 b5 12. h3 Rc8 13. Bd3 h4 14. f4 Qc7 15.
Rhe1 O-O 16. g4 hxg3 17. Rg1 b4 18. Ne2 a5 19. Nxg3 a4 20. Nc1 b3 21. cxb3 axb3
22. Nxb3 exf4 23. Bxf4 Ne5 24. Nf5 Bxf5 25. exf5 Nf3 26. Rxg7+ Kxg7 27. Qg2+
Kh8 28. Qxf3 Rg8 29. Be3 Rg7 30. Bd4 Rcg8 31. Qe3 Qd8 32. Nd2 Qf8 33. Ne4 1-0

[Event "2BLW 1920 SC Siegburg - SG Porz"]
[Site "?"]
[Date "2019.10.20"]
[Round "2.2"]
[White "Jackelen, Thomas"]
[Black "Rotstein, Arkadij"]
[Result "1/2-1/2"]
[WhiteElo "2408"]
[BlackElo "2469"]
[PlyCount "43"]
[EventDate "2019.??.??"]

1. Nf3 Nf6 2. c4 d6 3. d4 g6 4. Nc3 Bg7 5. e4 O-O 6. Be2 Nbd7 7. O-O e5 8. Be3
Qe7 9. Qc2 exd4 10. Nxd4 c6 11. Rad1 a6 12. Bg5 h6 13. Bh4 Re8 14. Rfe1 Nc5 15.
f3 Qc7 16. Bf2 Ncd7 17. Nb3 Ne5 18. Na4 Be6 19. Nd4 Bd7 20. Nb3 Be6 21. Nd4 Bd7
22. Nb3 1/2-1/2

[Event "2BLW 1920 SC Siegburg - SG Porz"]
[Site "?"]
[Date "2019.10.20"]
[Round "2.3"]
[White "Xu, Xianliang"]
[Black "Grinev, Valeriy"]
[Result "1/2-1/2"]
[WhiteElo "2429"]
[BlackElo "2435"]
[PlyCount "60"]
[EventDate "2019.??.??"]

1. e4 c5 2. d4 cxd4 3. c3 Nf6 4. e5 Nd5 5. Nf3 e6 6. cxd4 d6 7. Bc4 Nc6 8. O-O
Be7 9. a3 O-O 10. Bd3 Bd7 11. Qc2 f5 12. exf6 Nxf6 13. Qe2 Qe8 14. Nc3 Qh5 15.
Re1 Rae8 16. h3 Nd5 17. Be4 a6 18. Bd2 Bf6 19. Rad1 Nce7 20. Ng5 Qxe2 21. Nxe2
g6 22. Rc1 Nf5 23. Nc3 Nxc3 24. bxc3 d5 25. Bd3 Nd6 26. Nf3 Bb5 27. Bf4 Bxd3
28. Bxd6 Rf7 29. Ne5 Bxe5 30. Rxe5 Rd7 1/2-1/2

[Event "2BLW 1920 SC Siegburg - SG Porz"]
[Site "?"]
[Date "2019.10.20"]
[Round "2.4"]
[White "Omelja, Artem"]
[Black "Suvorov, Alexander"]
[Result "1/2-1/2"]
[WhiteElo "2424"]
[BlackElo "2286"]
[PlyCount "60"]
[EventDate "2019.??.??"]

1. Nf3 Nf6 2. c4 e6 3. Nc3 d5 4. e3 Nbd7 5. b3 b6 6. Bb2 Bb7 7. cxd5 exd5 8. d4
a6 9. g3 Bd6 10. Bg2 O-O 11. O-O Re8 12. Rc1 Qe7 13. Ne2 Ne4 14. Nf4 Rac8 15.
Re1 Ndf6 16. Ne5 c5 17. Nfd3 Rc7 18. Re2 Rec8 19. Rec2 Ng5 20. Nf4 cxd4 21.
Rxc7 Rxc7 22. Rxc7 Qxc7 23. exd4 Nge4 24. Ne2 Be7 25. f3 Nd6 26. g4 Nd7 27. Qc1
Qxc1+ 28. Nxc1 Nf8 29. Ne2 f6 30. Nd3 Kf7 1/2-1/2

[Event "2BLW 1920 SC Siegburg - SG Porz"]
[Site "?"]
[Date "2019.10.20"]
[Round "2.5"]
[White "Braun, Christian"]
[Black "Zavgorodniy, Sergiy"]
[Result "0-1"]
[WhiteElo "2394"]
[BlackElo "2426"]
[PlyCount "82"]
[EventDate "2019.??.??"]

1. e4 e5 2. Nf3 d6 3. d4 exd4 4. Nxd4 Nf6 5. Nc3 Be7 6. g3 O-O 7. Bg2 c6 8. h3
Re8 9. O-O Bf8 10. a4 a5 11. b3 Na6 12. Re1 Nb4 13. Bb2 d5 14. e5 Nd7 15. e6
fxe6 16. Nxe6 Qf6 17. Nxf8 Rxf8 18. Re2 Nc5 19. Qc1 Qf7 20. Na2 Nxa2 21. Rxa2
Bf5 22. Ba3 b6 23. Bxc5 bxc5 24. Qa3 Rae8 25. Rxe8 Qxe8 26. Ra1 Qe2 27. Qxc5
Bxc2 28. Bf1 Qe5 29. Rc1 Bxb3 30. Qxc6 Qd4 31. Qc5 Qxa4 32. Bg2 d4 33. Rd1 Rd8
34. Qb6 Rf8 35. Rxd4 Qa1+ 36. Kh2 a4 37. Bd5+ Bxd5 38. Rxd5 Qa2 39. Qe6+ Kh8
40. Qf7 Rxf7 41. Rd8+ Rf8 0-1

[Event "2BLW 1920 SC Siegburg - SG Porz"]
[Site "?"]
[Date "2019.10.20"]
[Round "2.6"]
[White "Maly, Alexey"]
[Black "Korotkjevich, Stanislav"]
[Result "1-0"]
[WhiteElo "2346"]
[BlackElo "2378"]
[PlyCount "72"]
[EventDate "2019.??.??"]

1. d4 d6 2. c4 e5 3. Nc3 exd4 4. Qxd4 Nc6 5. Qd2 Nf6 6. b3 Be7 7. g3 O-O 8. Bg2
Bf5 9. Nf3 Qd7 10. O-O Bh3 11. Bb2 Bxg2 12. Kxg2 Rfe8 13. Nd5 Qd8 14. Rfe1 Nd7
15. Nd4 Nxd4 16. Qxd4 Bf8 17. Rad1 c6 18. Ne3 Qa5 19. Bc3 Qh5 20. g4 Qg6 21.
Nf5 Nf6 22. f3 h5 23. h3 d5 24. Qf4 hxg4 25. hxg4 Rad8 26. e3 dxc4 27. bxc4 Nh7
28. Rh1 f6 29. Qc7 Rxd1 30. Rxd1 Ng5 31. Qxb7 Ne4 32. Bb4 c5 33. Be1 Ng5 34.
Rd7 Re5 35. Bg3 Qh7 36. Bxe5 fxe5 1-0

[Event "2BLW 1920 SC Siegburg - SG Porz"]
[Site "?"]
[Date "2019.10.20"]
[Round "2.7"]
[White "Malykin, Vitaly"]
[Black "Kolkin, Michail"]
[Result "1/2-1/2"]
[WhiteElo "2356"]
[BlackElo "2339"]
[PlyCount "85"]
[EventDate "2019.??.??"]

1. Nf3 d5 2. d4 c6 3. c4 Nf6 4. Nc3 dxc4 5. g3 e6 6. Bg2 c5 7. Qa4+ Nbd7 8. O-O
cxd4 9. Nxd4 Bc5 10. Qxc4 O-O 11. Rd1 Qe7 12. Nb3 Bb4 13. a3 Bxc3 14. Qxc3 Nd5
15. Qc2 N7f6 16. e4 Nb6 17. Bd2 Rd8 18. Bb4 Qe8 19. Rxd8 Qxd8 20. Rd1 Bd7 21.
Qd3 Qc7 22. Na5 Rc8 23. Bd6 Qc2 24. Qxc2 Rxc2 25. b4 Bc6 26. Bc5 h6 27. Nxc6
bxc6 28. Rd8+ Kh7 29. h3 Nfd7 30. Be3 Ra2 31. Bxb6 Nxb6 32. e5 g6 33. Bxc6 Rxa3
34. Rd4 Kg7 35. b5 a6 36. bxa6 Rxa6 37. Rb4 Nc8 38. Be4 Ra5 39. f4 Ne7 40. Rb7
Ra1+ 41. Kg2 Ra2+ 42. Kf3 Ra3+ 43. Kf2 1/2-1/2

[Event "2BLW 1920 SC Siegburg - SG Porz"]
[Site "?"]
[Date "2019.10.20"]
[Round "2.8"]
[White "Albrecht, Oliver"]
[Black "Buscher, Michael"]
[Result "1/2-1/2"]
[WhiteElo "2125"]
[BlackElo "2360"]
[PlyCount "170"]
[EventDate "2019.??.??"]

1. d4 Nf6 2. Nf3 c5 3. d5 e6 4. c4 b5 5. dxe6 fxe6 6. cxb5 d5 7. e3 Bd6 8. Be2
O-O 9. O-O Nbd7 10. Nbd2 Qe7 11. Qc2 Bb7 12. b3 Kh8 13. Bb2 e5 14. e4 Nxe4 15.
Nxe4 dxe4 16. Nd2 e3 17. fxe3 Qg5 18. Bf3 Qxe3+ 19. Kh1 Bxf3 20. Nxf3 Qh6 21.
h3 Rae8 22. Rae1 Bb8 23. Bc1 Qd6 24. Qe4 Nf6 25. Qc6 Qxc6 26. bxc6 Re6 27. Bb2
Rfe8 28. Ng5 Rxc6 29. Nf7+ Kg8 30. Nxe5 Rce6 31. Nd3 Ne4 32. Kg1 Rd8 33. Nf4
Ree8 34. Nh5 Ng3 35. Nxg3 Rxe1 36. Rxe1 Bxg3 37. Rc1 Rd2 38. Ba3 Rxa2 39. Bxc5
a6 40. Bd4 Rd2 41. Bc3 Re2 42. Kf1 Re3 43. b4 Bf4 44. Rc2 Re4 45. Be1 Re6 46.
Rc5 Be3 47. Ra5 Bd4 48. Rd5 Bf6 49. b5 axb5 50. Rxb5 h6 51. g3 Kh7 52. Bf2 Ra6
53. Ke2 Ra2+ 54. Kf3 Kg6 55. Rb3 Kf5 56. g4+ Ke6 57. Re3+ Kd5 58. Rb3 Kc4 59.
Rb7 Ra3+ 60. Kg2 Kd5 61. Rb5+ Ke4 62. Rb4+ Kd3 63. Kf3 Rc3 64. Re4 Rc7 65. Re3+
Kc4 66. Re1 Rf7 67. Kg2 Bg5 68. Rd1 Rb7 69. Kf3 Rb3+ 70. Kg2 Bf6 71. Rd7 Rb2
72. Kf3 Ra2 73. Rd1 Kb5 74. Rc1 Ra3+ 75. Kg2 Rd3 76. Rc2 Bc3 77. Rc1 Ka4 78.
Rb1 Bb4 79. Bg3 Rd5 80. Be1 Bd6 81. Bf2 Be5 82. Kf3 Bf6 83. Ke4 Re5+ 84. Kf3
Rd5 85. Ke4 Re5+ 1/2-1/2

[Event "2BLW 1920 SV Koblenz - Bochumer SV 02"]
[Site "?"]
[Date "2019.10.20"]
[Round "2.1"]
[White "Zaitsev, Mikhail"]
[Black "Sulskis, Sarunas"]
[Result "1/2-1/2"]
[WhiteElo "2421"]
[BlackElo "2541"]
[PlyCount "62"]
[EventDate "2019.??.??"]

1. e4 e5 2. Nf3 Nc6 3. Nc3 Nf6 4. Bb5 Bc5 5. Bxc6 dxc6 6. d3 Qe7 7. Be3 Bxe3 8.
fxe3 Ng4 9. h3 Nh6 10. g4 f6 11. Qd2 Be6 12. O-O-O O-O-O 13. Kb1 Nf7 14. Nh4 g6
15. Qf2 Rd6 16. b3 Kb8 17. Rdf1 Bc8 18. Qg3 Ng5 19. Rh2 Qg7 20. Nf3 Nxf3 21.
Rxf3 h5 22. gxh5 g5 23. Nd1 Rxh5 24. Nf2 c5 25. Ng4 Rh7 26. Rhf2 Bxg4 27. hxg4
a5 28. Rh2 Rxh2 29. Qxh2 a4 30. Rh3 Rd7 31. Rh8+ Ka7 1/2-1/2

[Event "2BLW 1920 SV Koblenz - Bochumer SV 02"]
[Site "?"]
[Date "2019.10.20"]
[Round "2.2"]
[White "Schenderowitsch, Michael"]
[Black "Illner, Achim"]
[Result "1-0"]
[WhiteElo "2334"]
[BlackElo "2474"]
[PlyCount "44"]
[EventDate "2019.??.??"]

1. d4 Nf6 2. c4 e6 3. Nf3 d5 4. cxd5 exd5 5. Nc3 c6 6. Qc2 Be6 7. Bg5 Nbd7 8.
e3 h6 9. Bh4 g5 10. Bg3 Nh5 11. Bd3 Nxg3 12. hxg3 Qf6 13. a3 Be7 14. Na4 h5 15.
Nc5 Nxc5 16. dxc5 h4 17. gxh4 gxh4 18. Nd4 Rg8 19. Bf1 a5 20. a4 Bg4 21. f3 Bd7
22. O-O-O Rb8 1-0